| 000 | 00598nam a22002052 4500 | ||
|---|---|---|---|
| 001 | 0000001342 | ||
| 005 | 20151217154330.0 | ||
| 008 | 070305s xx 000 0 eng d | ||
| 020 | _cKES 3,920 | ||
| 040 |
_aKABU _cKABU |
||
| 050 | 0 |
_aHB172.5 _b.P46 2000 |
|
| 100 | 1 |
_aPentecost, Eric J. _@0000149985 |
|
| 245 | 1 | 0 |
_aMacroeconomics : _ban open economy approach / _cEric J. Pentecost. |
| 260 |
_aHoundsmills : _bMacmillan, _c2000. |
||
| 300 | _ax, 414 p. | ||
| 650 | 0 |
_aMacroeconomics. _@0000149933 |
|
| 908 | _a070305 | ||
| 950 | _@1 | ||
| 999 |
_c10544 _d10544 |
||